| 000 | 01635nam a2200457 i 4500 | ||
|---|---|---|---|
| 001 | 55734 | ||
| 003 | KOSZ 005 | ||
| 005 | 20250401134521.0 | ||
| 008 | 080929s2008 pl a f |000 0 pol | ||
| 015 | _aPB 25602/2008 | ||
| 020 | _a9788373651463 | ||
| 040 |
_cKOSZ 005 _aKOSZ 005 _dKOSZ 005/HR |
||
| 046 | _k2008 | ||
| 080 | _a625.74 | ||
| 080 | _a626.8 | ||
| 080 | _a631.6 | ||
| 080 | _a628.2 | ||
| 080 | _a624.13/.14 | ||
| 100 | 1 |
_aŻuchowicki, Antoni Waldemar _eAutor |
|
| 245 | 1 | 0 |
_aSystemy odwadniające do regulacji stosunków wodnych na obszarach zurbanizowanych / _cAntoni Waldemar Żuchowicki. |
| 260 |
_aKoszalin : _bWydawnictwo Uczelniane Politechniki Koszalińskiej, _c2008. |
||
| 300 |
_a238 s. : _bil. ; _c24 cm. |
||
| 336 |
_2rdacontent _aTekst _btxt |
||
| 337 |
_2rdamedia _aBez urządzenia pośredniczącego _bn |
||
| 338 |
_2rdacarrier _aWolumin _bnc |
||
| 380 | _aKsiążki | ||
| 380 | _aPublikacje dydaktyczne | ||
| 385 |
_mPoziom nauczania _aSzkoły wyższe |
||
| 388 | _a2001- | ||
| 504 | _aBibliogr. s. 228-238. | ||
| 650 | 4 | _aDrogi | |
| 650 | 4 | _aKanalizacja deszczowa | |
| 650 | 4 | _aBudowa i konstrukcje | |
| 650 | 4 | _aMelioracje wodne | |
| 650 | 4 | _aRoboty ziemne | |
| 658 | _aArchitektura i budownictwo | ||
| 710 | 2 |
_aWydawnictwo Uczelniane (Politechnika Koszalińska) _4pbl |
|
| 856 |
_uhttp://koha.tu.koszalin.pl/cgi-bin/koha/opac-detail.pl?biblionumber=55734 _yKatalog online BPK |
||
| 856 |
_uhttp://dlibra.tu.koszalin.pl/dlibra/docmetadata?id=212&from=&dirids=1&ver_id=&lp=1&QI= _yBiblioteka Cyfrowa |
||
| 942 |
_cKS _2UKD |
||
| 999 |
_c55734 _d55734 |
||